000 00462nam a2200145Ia 4500
008 100122s9999 xx 000 0 und d
082 _b37717
_a780.72
100 _aदेशपांडे वामन हरि
245 _aघरंदाज गायकी
260 _bमौज प्रकाशन गृह
_c1905
300 _a133
630 _aघरंदाज गायकी
730 _aघरंदाज गायकी
942 _cBOOK
999 _c420079
_d420076